Normal view
MARC view
- Prasad,N V
Entry Personal Name
001 - CONTROL NUMBER
- control field: 4079
003 - CONTROL NUMBER IDENTIFIER
- control field: OSt
005 - DATE AND TIME OF LATEST TRANSACTION
- control field: 20190517151140.0
008 - FIXED-LENGTH DATA ELEMENTS
- fixed length control field: 190517|| aca||aabn | a|a d
040 ## - CATALOGING SOURCE
- Original cataloging agency: OSt
- Transcribing agency: OSt
100 ## - HEADING--PERSONAL NAME
- Personal name: Prasad,N V
670 ## - SOURCE DATA FOUND
- Source citation: Work cat.: (OSt): Prasad,N V, Geoinformation : photogrammetry, remote sensing, GIS and GPS Vol.1, 2015
